000 01353cam a2200301 4500
001 L135761
002 16382
008 061208n2006 000 0 eng u
020 _a1853285587
022 _a9781853285585
035 _a(Sirsi) u135761
041 0 _aeng
050 0 4 _a346.410438 $2 18
100 1 _aSilverman, Frances
245 0 4 _aThe Law Society's conveyancing handbook
260 _aLondon
_bThe Law Society
_c2006
300 _alvi, 1264p.
_c24cm.
350 _a79.95
505 0 _aPreliminary matters -- Pre-exchange -- Exchange -- Title -- Pre-completion -- Completion -- Post-completion -- Lenders -- New properties -- Sale of part -- Leaseholds -- Commonhold -- Delay and remedies -- Costs
520 _aDiscusses significant changes in conveyancing, such as the introduction of home information packs and e-conveyancing. Discusses the implications of the Housing Act 2004, prescribed clauses leases and the Disability Discrimination Act 2005. Gives guidance on client care, equity release, insurance, money laundering and referral fees.
520 _aSuperseded by 15th edition (ISBN 9781853287138).
590 _aKA
650 2 4 _aHOUSING ACT 2004
650 2 4 _aDISABILITY DISCRIMINATION ACT 2005
651 4 _aUnited Kingdom
_y
690 _aPROPERTY-PROPERTY ACQUISITION AND DISPOSAL-CONVEYANCING
942 _n0
999 _c106194
_d106194